| 000 | 00524nam a22001817a 4500 | ||
|---|---|---|---|
| 999 |
_c190193 _d190193 |
||
| 005 | 20220720123123.0 | ||
| 010 | _aENG-133718 | ||
| 020 | _c200.00 | ||
| 035 | _aEN-117250 | ||
| 037 | _bDBAD/PUB | ||
| 082 | _a152.7 | ||
| 100 | _aSaxena, Lakshmi | ||
| 245 |
_aPerceptions of Human Creativity and Freedom/ _cLakshmi Saxena |
||
| 260 |
_aGorakhpur _bLokayat Prakashan _c1999 |
||
| 270 |
_aM.I.G. 137 Raptinagar Phase-I _bGorakhpur _e273003 |
||
| 300 |
_a168p. _c21cm(hbk) |
||
| 942 |
_2ddc _cEN _h152.7 _mSAX |
||